[Event "POL-chT3 2010/11"]
[Site "Wielkopolska"]
[Date "2011.02.14"]
[Round "7"]
[White "Slavov, Wiktor"]
[Black "Zakrzewska, Joanna"]
[Result "0-1"]
[WhiteElo "1547"]
[BlackElo "1702"]
[PlyCount "118"]
[EventDate "2010.11.28"]
[EventType "team-tourn"]
[EventRounds "11"]
[EventCountry "POL"]
[SourceTitle "EXT 2019"]
[Source "ChessBase"]
[SourceDate "2018.10.10"]
[SourceVersion "1"]
[SourceVersionDate "2018.10.10"]
[SourceQuality "1"]
[WhiteTeam "Koscian Tecza"]
[BlackTeam "Steszew Lipno"]
[WhiteTeamCountry "POL"]
[BlackTeamCountry "POL"]

1. e4 e5 2. Nf3 Nc6 3. d4 exd4 4. Nxd4 Bc5 5. Be3 Nxd4 6. Bxd4 Bxd4 7. Qxd4 Qf6 8. c3 Qxd4 9. cxd4 Nf6 10. Nc3 0-0 11. Bd3 Re8 12. 0-0 d6 13. Rfe1 Bd7 14. h3 h6 15. g4 Nh7 16. f4 h5 17. Bb5 c6 18. Be2 hxg4 19. Bxg4 Nf6 20. Bxd7 Nxd7 21. Kf2 f6 22. Re3 Kf7 23. Rg1 Rh8 24. Rg4 Rag8 25. d5 Re8 26. dxc6 bxc6 27. Ne2 Nc5 28. f5 Nd7 29. Ra3 Ra8 30. Nd4 Ne5 31. Rgg3 Rh4 32. Ne6 g6 33. Nc7 Rd8 34. Rxa7 Rd7 35. b4 Rxe4 36. fxg6+ Nxg6 37. b5 cxb5 38. Nxb5 Rxa7 39. Nxd6+ Ke6 40. Nxe4 Rxa2+ 41. Kf3 Ne5+ 42. Ke3 Ra3+ 43. Kf4 Ra4 44. Ke3 Ra3+ 45. Kf4 Ra1 46. Rb3 Rf1+ 47. Kg3 f5 48. Rb6+ Kd5 49. Nf2 f4+ 50. Kxf4 Rxf2+ 51. Kg3 Rf7 52. Rb4 Ke6 53. Re4 Kd5 54. Rb4 Rg7+ 55. Kh4 Ke6 56. Rf4 Ng6+ 57. Kg5 Nxf4+ 58. Kxf4 Kf6 59. h4 Kg6 0-1